Capital account liberalization and financial sector stability

Saved in:
Bibliographic Details
Main Author: Ishii, Shogo
Other Authors: Habermeier, Karl
Format: Book
Language:English
Published: Washington IMF 2002
Series:Occasional paper 211
Subjects:
Tags: Add Tag
No Tags, Be the first to tag this record!

MARC

LEADER 00000nam a2200000 4500
001 0010267
005 20220627113148.3
041 0 |a eng 
044 |a US 
245 1 0 |a Capital account liberalization and financial sector stability  |c by a staff team led by Shogo Ishii and Karl Habermeier 
264 1 |a Washington  |b IMF  |c 2002 
300 |a 94 s. 
490 1 |a Occasional paper  |v 211 
830 0 |a Occasional paper  |v 211 
610 2 0 |a účty kapitálové 
610 2 0 |a liberalizácia 
610 2 0 |a rast hospodársky 
610 2 0 |a reformy 
610 2 0 |a trh finančný 
610 2 0 |a stabilita finančná 
610 2 0 |a organizácie finančné 
610 2 0 |a porovnanie medzinárodné 
100 1 |a Ishii, Shogo 
700 1 |a Habermeier, Karl